|
|
|
|
| LEADER |
01703njm a2200325 a 4500 |
| 001 |
000673364 |
| 003 |
CZ BrMZK |
| 005 |
20030618075151.0 |
| 007 |
sd fsngnnmmned |
| 008 |
030611s2003 xr rc f cze d |
| 028 |
0 |
1 |
|a 7243 5 82495 2 1
|b EMI
|
| 040 |
|
|
|a BOA001
|b cze
|
| 047 |
|
|
|a rc
|
| 080 |
|
|
|a (086.7)
|2 MRF
|
| 080 |
|
|
|a 785.16
|2 MRF
|
| 110 |
2 |
|
|a OK Band
|7 mzk2002158265
|
| 245 |
1 |
0 |
|a Žižkovská zeď
|h [zvukový záznam] :
|b [kompletní ranná tvorba OK Bandu 1981-83]
|
| 260 |
|
|
|a Praha :
|b EMI,
|c p2003
|
| 300 |
|
|
|a 2 zvukové desky (60:34, 47:07) :
|b digital ;
|c 12 cm +
|e 1 brožura [8 s.]
|
| 306 |
|
|
|a 010034
|a 004707
|
| 500 |
|
|
|a Kompilace
|
| 500 |
|
|
|a Původní fonogramy p1982-2003 různá vydavatelství
|
| 500 |
|
|
|a Kompaktní desky
|
| 505 |
0 |
|
|a Božský klid -- Představy -- Žižkovská zeď -- Jen déšť -- Včera po koncertě -- Nemůžu psát texty -- Už mi nevolej -- Smutný cirkus -- Nezavěšujte! -- Bydlím na závětrné straně továrního komína -- V pohádkách -- Bezhlasně žalují samotu -- Chapadla -- Opravdu nejsem náměsíčný -- Nejsi -- ¨In memories -- Tonight they were back here -- Declaration of love -- I can need your help -- A-bomb -- I'v got my eye on you -- Voice on the telephone -- Some people -- Nightmare circus -- I', not sleepwalking -- Moderní člověk -- Světla výčepů -- Laboratoř na výrobu dusna -- Promiň, miláčku -- Na nákladovém nádraží
|
| 511 |
0 |
|
|a OK Band originál
|
| 650 |
0 |
7 |
|a rockové písně
|7 ph224439
|y 1981-1990
|2 czenas
|
| 655 |
|
4 |
|a rock
|
| 910 |
|
|
|a BOA001
|b CD-0011.048
|
| 990 |
|
|
|a AV
|
| 996 |
6 |
|
|b 261H012091
|c CD-0011.048
|l MZK
|r Sklad / do 24 hodin
|n 0
|w 000673364
|u 000010
|a 1
|e BOA001
|j MZK50
|s P
|